Incumplimiento contractual en el ámbito de la compraventa internacional y el transporte marítimo

Uloženo v:
Podrobná bibliografie
Hlavní autor: Loo Gutiérrez, Martín Vicente (autor)
Médium: Kniha
Jazyk:španělština
Vydáno: Santiago LexisNexis 2005
Vydání:1a. ed
Témata:
Tagy: Přidat tag
Žádné tagy, Buďte první, kdo vytvoří štítek k tomuto záznamu!

MARC

LEADER 00000nam a2200000 a 4500
001 UCK3322
003 CL-VaPUC
008 050422e20050000CL |||||||||||||||||spa|d
020 |a 956238506X 
082 0 4 |a 346.022  |b LOO  |2 21 
100 |a Loo Gutiérrez, Martín Vicente  |e autor  |9 827433 
245 1 0 |a Incumplimiento contractual en el ámbito de la compraventa internacional y el transporte marítimo 
250 |a 1a. ed 
300 |a 187 p 
942 |c BK 
945 |d 20050422 00:00:00  |a cmena 
260 |a Santiago  |b LexisNexis  |c 2005 
650 0 |a Incumplimiento de contratos  |9 400512 
650 0 |a Obligaciones contractuales  |9 386117 
650 0 |a Derecho internacional privado  |9 256361 
650 0 |a Transporte marítimo  |9 260127 
650 0 |a Normas jurídicas  |9 258310 
650 0 |a Compraventa  |9 255413 
583 |a last modification  |c 20050422 00:00:00  |k Rodrigo Vera 
999 |c 312568  |d 312566 
952 |0 0  |1 0  |4 0  |6 346_022000000000000_LOO_2005  |7 0  |8 A  |9 383060  |a BIBDER  |b BIBDER  |d 2019-11-21  |i 4112458  |o 346.022 LOO 2005  |p 4112458  |r 2023-01-25  |w 2019-11-21  |y BK  |k DER